MARC

Tag First Indicator Second Indicator Subfields
LEADER 00000cas a2200000 a 4500
001 in00001305607
005 20151005061701.0
008 960305c199u9999txuqr p s0 0eng d
035 |a (OCoLC)34311727 
035 |9 AHB5285AM 
040 |a IKM  |c IKM  |d TXA  |d UtOrBLW 
049 |a TXAO 
086 |a N330.6 B525  |2 txdocs 
110 2 |a Texas Natural Resource Conservation Commission. 
245 1 0 |a Texas biosolids quarterly. 
264 1 |a Austin, TX :  |b Watershed Management Division, Texas Natural Resource Conservation Commission,  |c [1996-] 
300 |a volumes ;  |c 28 cm. 
310 |a Quarterly 
336 |a text  |b txt  |2 rdacontent 
337 |a unmediated  |b n  |2 rdamedia 
338 |a volume  |b nc  |2 rdacarrier 
500 |a Description based on: 96-1; title from caption. 
650 0 |a Sewage sludge  |x Environmental aspects  |z Texas  |x Periodicals. 
650 0 |a Sewage  |x Environmental aspects  |z Texas  |x Periodicals. 
710 2 |a Texas Natural Resource Conservation Commission.  |b Watershed Management Division. 
999 |a MARS 
999 f f |s e5cd50d7-7969-35f9-92d1-6dd24dca98f4  |i 7c3ab67c-770f-3c77-8061-3df5184654d4  |t 0 
952 f f |p serial  |a Texas A&M University  |b College Station  |c Sterling C. Evans Library  |d Evans: Texas Documents (Annex 5th floor)  |t 0  |e N330.6 B525  |h Superintendent of Documents classification  |i unmediated -- volume  |l 1996  |m A14820075771 
998 f f |a N330.6 B525  |s 96/1-96/4  |t 0  |l Evans: Texas Documents (Annex 5th floor)